| 000 | 01175cab a2200277 4500 | ||
|---|---|---|---|
| 001 | WB3246-41 | ||
| 008 | 090401t1996 xxu||||| |||| 00| 0 eng d | ||
| 035 | _a(Sirsi) u64441 | ||
| 041 | _aeng | ||
| 245 | _aWater discharge consents regulations | ||
| 260 | _c1996 | ||
| 350 | _a0 | ||
| 490 |
_aDoE News Release _v(532) 4 December 1996, (1) |
||
| 520 | _aDetails of the Control of Pollution (Applications, Appeals and Registers) Regulations 1996 which replaces three previous sets of regulations dealing with the system of consents for discharges to water. The 1996 Regulations prescribe the particulars to be entered onto pollution control registers maintained by the Environment Agency. | ||
| 650 | _aCONTROL OF POLLUTION (APPLICATIONS APPEALS AND REGISTERS | ||
| 650 | _aCONTROL OF POLLUTION (CONSENTS FOR DISCHARGES) SOS FUNCTIO | ||
| 650 | _aCONTROL OF POLLUTION (DISCHARGES BY THE NATIONAL RIVERS AU | ||
| 650 | _aCONTROL OF POLLUTION (REGISTERS) REGULATIONS 1989 | ||
| 650 | _aENVIRONMENT ACT 1995 | ||
| 650 | _aPOLLUTION CONTROL | ||
| 650 | _aWATER DISCHARGE | ||
| 650 | _aWATER POLLUTION | ||
| 690 | _aWATER | ||
| 942 | _n0 | ||
| 948 | _c04/03/1997 | ||
| 999 |
_c40137 _d40137 |
||